00287nam a2200121Ia 4500008004100000100002100041245003200062260002600094300000800120650001300128942000700141999001700148190216s9999||||xx |||||||||||||| ||und|| aJayachandran T N 0aSnehapoorvam Viswasapoorvam bPoorna Pubs Kozhikode a112 aKathakal cBK c27251d27251